000 00317nam a22001337a 4500
008 171108b xxu||||| |||| 00| 0 eng d
020 _a9781405112482
041 _aeng
080 _a330.322
100 _a64
101 _aINV
245 _aSECURITY ANALYSIS AND INVESTMENT STRATEGY
_cPOITRAS.G
942 _2udc
_cBK
999 _c38208
_d38208